| 000 | 03688cam a22005054i 4500 | ||
|---|---|---|---|
| 003 | PE-LiUPU | ||
| 005 | 20250731172832.0 | ||
| 008 | 150826s2014 miu rb 001 0 eng d | ||
| 020 |
_a9780802869791 _q(pbk. : alk. paper) |
||
| 035 | _a(Sirsi) i9780802869791 | ||
| 040 |
_aDLC _beng _cDLC _dDLC _dPE-LiUPU _erda |
||
| 049 | _aPRUA | ||
| 050 | 0 | 0 |
_aBT701.3 _b.D47 2014 |
| 082 | 0 | 0 |
_a233.5 _bD6 _223 |
| 245 | 0 | 4 |
_aThe depth of the human person : _ba multidisciplinary approach / _cedited by Michael Welker. |
| 264 | 1 |
_aGrand Rapids. Michigan : _bWilliam B. Eerdmans Publishing Company, _c2014. |
|
| 300 |
_ax, 396 páginas ; _c23 centímetros |
||
| 336 |
_atext _2rdacontent |
||
| 337 |
_aunmediated _2rdamedia |
||
| 338 |
_avolume _2rdacarrier |
||
| 504 | _aIncluye referencias bibliográficas e índice. | ||
| 505 | 0 | _aWhy is personhood conceptually difficult? / Andreas Kemmerling -- Flesh-body-heart-soul-spirit : Paul's anthropology as an interdisciplinary bridge-theory / Michael Welker -- Emergence, the quest for unity, and God : toward a constructive Christian theology of the person / Philip Clayton -- Towards an integrated anthropology / John C. Polkinghorne -- Brains, minds, souls, and people : a scientific perspective on complex human personhood / Malcolm Jeeves -- The emergence of human distinctiveness / Warren S. Brown -- Hierarchical selection and the evolutionary emergence of "spirit" / Jeffrey P. Schloss -- "Soul" and "spirit" in the anthropological discourse of the Hebrew Bible / Andreas Schüle -- Sarx, soma, and the transformative pneuma : personal identity endangered and regained in Pauline anthropology / Gerd Theissen -- Augustine's aporetic account of persona and the limits of relatio : a reconsideration of substance ontology and immutability / Volker Henning Drecoll -- Augustine's investigation into Imago Dei / Eiichi Katayanagi -- The affects of the soul and the effects of grace : of Melanchthon's understanding of faith and Christian emotions / Markus Höfner -- The concept of "body" in Indian Christian theological thought / Origen V. Jathanna -- The dignity of human personhood and the concept of the "image of God" / Bernd Oberdorfer -- Human dignity and the concept of person in law / Stephan Kirste -- On the relation of personhood and embodiment / Frank Vogelsang -- Can ethics be fully naturalized? / Maria Antonaccio -- Beyond distinct gender identities : the social construction of the human body / Isolde Karle -- Moral inwardness reconsidered / William Schweiker -- Human personhood at the edges of life : medical anthropology and theology in dialogue / Günter Thomas. | |
| 526 | _aSEG42 | ||
| 526 | _aSEG41 | ||
| 526 | _aSEG40 | ||
| 526 | _aSEG39 | ||
| 526 | _aP94 | ||
| 526 | _aP87 | ||
| 526 | _aP86 | ||
| 526 | _aP85 | ||
| 526 | _aP77 | ||
| 526 | _aP76 | ||
| 526 | _aP35 | ||
| 650 | 0 | _aAntropología filosófica. | |
| 650 | 0 |
_aAntropología Teológica _xCristianismo. _93787 |
|
| 650 | 0 | _aSeres humanos. | |
| 700 | 1 |
_aWelker, Michael, _d1947- , _eeditor of compilation. |
|
| 910 |
_ardg _bjck _crdg _d20150826 |
||
| 942 |
_2ddc _cBOOK |
||
| 949 |
_aPGT 233.5 D6 _wDEWEY _c1 _i71948 _lCCODEBUL1 _mBUL _p45.00 _r0 _sY _tBOOK _u2015-8-26 _xTEOLOGIA _PP85 _0COMPRA _o.CIRCNOTE. No olvidar cambiar la fecha de devolución!!!!!!! _o.STAFF. Posgrado |
||
| 994 |
_aC0 _bPEPRU |
||
| 596 | _a1 | ||
| 999 |
_aPGT 233.5 D6 _wDEWEY _c6841 _i71948 _d6841 _e2019-7-10 _f2021-11-10 _g4 _lCCODEBUL1 _mBUL _n9 _p45.00 _q4 _r0 _sY _tBOOK _u2015-8-26 _xTEOLOGIA _PP85 _0COMPRA _o.CIRCNOTE. No olvidar cambiar la fecha de devolución!!!!!!! _o.STAFF. Posgrado |
||
| 980 |
_81 _gALBERTO SANCHEZ Responsable de Automatización |
||